Central Library OPAC University of Rajshahi

Participatory curriculum development in agricultural education : (Record no. 73872)

MARC details
000 -LEADER
fixed length control field 00930nam a2200277 4500
001 - CONTROL NUMBER
control field 73872
003 - CONTROL NUMBER IDENTIFIER
rucl marc code BD-RjUL
005 - DATE AND TIME OF LATEST TRANSACTION
control field 20211209082445.0
008 - FIXED-LENGTH DATA ELEMENTS--GENERAL INFORMATION
fixed length control field 170613r20011998ii a b i000 0 eng d
020 ## - INTERNATIONAL STANDARD BOOK NUMBER
International Standard Book Number 8170352495
035 ## - SYSTEM CONTROL NUMBER
System control number (BD-RjUL)74090
040 ## - CATALOGING SOURCE
Original cataloging agency AUM
Transcribing agency AUM
Modifying agency OCL
-- BD-RjUL
Language of cataloging eng
041 ## - LANGUAGE CODE
Language code of text/sound track or separate title eng
072 #0 - SUBJECT CATEGORY CODE
Subject category code C100
082 00 - DEWEY DECIMAL CLASSIFICATION NUMBER
Classification number 630.71
Edition number 23
Author mark and year ROP 2001
100 1# - MAIN ENTRY--PERSONAL NAME
Personal name Rogers, Alan,
Dates associated with a name 1933-
9 (RLIN) 218751
245 10 - TITLE STATEMENT
Title Participatory curriculum development in agricultural education :
Remainder of title a training guide /
Statement of responsibility, etc. prepared by Alan Rogers and Peter Taylor.
260 ## - PUBLICATION, DISTRIBUTION, ETC. (IMPRINT)
Place of publication, distribution, etc. Delhi :
Name of publisher, distributor, etc. Daya pub. ,
Date of publication, distribution, etc. c1998, [Reprinted 2001].
300 ## - PHYSICAL DESCRIPTION
Pagination 154 p. :
Illustrations ill. ;
Size 30 cm.
504 ## - BIBLIOGRAPHY, ETC. NOTE
Bibliography, etc Includes bibliographical references.
650 #0 - SUBJECT ADDED ENTRY--TOPICAL TERM
Topical term or geographic name as entry element Agriculture
General subdivision Study and teaching (Higher)
9 (RLIN) 218752
Topical term or geographic name as entry element Curriculum planning.
9 (RLIN) 218753
Topical term or geographic name as entry element Agricultural education.
9 (RLIN) 218754
700 1# - ADDED ENTRY--PERSONAL NAME
Personal name Taylor, Peter,
Dates associated with a name 1960-.
942 ## - ADDED ENTRY ELEMENTS (KOHA)
Source of classification or shelving scheme Dewey Decimal Classification
Koha item type Books
Holdings
Lost status Source of classification or shelving scheme Damaged status Not for loan Collection code Permanent Location Current Location Shelving location Date acquired Source of acquisition Cost, normal purchase price Total Checkouts Full call number Date last seen Copy number Koha item type
  Dewey Decimal Classification   Not For Loan Non-fiction Central Library, University of Rajshahi Central Library, University of Rajshahi Reading Room 07/08/2002 Paragon Enterprises Ltd 654.00   630.71 ROP 2001 13/06/2017 C-1 Books
  Dewey Decimal Classification     Non-fiction Central Library, University of Rajshahi Central Library, University of Rajshahi   07/08/2002 Paragon Enterprises Ltd 154.00   630.71 ROP 2001 13/06/2017 C-2 Books